| 000 | 00431cam a22001457a 4500 | ||
|---|---|---|---|
| 008 | 180718b2010 xxu||||| |||| 00| 0 eng d | ||
| 020 | _a9780753539668 | ||
| 082 | _aA6x73 B963 | ||
| 100 | _aBush, George W. | ||
| 245 |
_aDecision points _cby George W. Bush |
||
| 260 |
_a _bVirgin Books _c2010 |
||
| 300 | _a497p. | ||
| 650 | _aUnited States --Politics and government --2001-2009 | ||
| 650 | _aBush, George W. (George Walker), 1946- | ||
| 999 |
_c441201 _d441201 |
||